01383nam a2200385 i 450000100060000000300090000600500170001500800390003201500170007104000280008804600090011608000100012508000080013508000080014310000350015124502300018626000560041630000370047233600270050933700540053633800290059038000160061938000230063538800140065850400320067265000290070465000130073365000230074665000120076965000150078165800280079670000330082471000420085785600980089925587KOSZ 00520220117144029.0071021s1968 pl a f |000 0 pol aPB 1968/8440 aWA NcWA NdKOSZ 005/RW k1968 a658.2 a621 a5121 aBudzyński, StanisławeAutor10aMatematyczne metody optymalizacyjne w projektowaniu zakładów przemysłowych :bzagadnienie obciążenia maszyn i urządzeń /cStanisław Budzyński, Alfons Chorobiński ; Centrum Obliczeniowe Polskiej Akademii Nauk. aWarszawa :bPaństwowe Wydawnictwo Naukowe,c1968. a39 stron :bilustracje ;c23 cm. aTekstbtxt2rdacontent aBez urządzenia pośredniczącegobn2rdamedia aWoluminbnc2rdsacarrier aKsiążki aPublikacje fachowe a1901-2000 aBibliografia na stronie 39. 4aZdolność produkcyjna 4aProjekty 4aPrzedsiębiorstwo 4aAlgebra 4aPlanowanie aInżynieria i technika1 aChorobiński, AlfonseAutor2 aPaństwowe Wydawnictwo Naukowe4pbl. uhttp://koha.tu.koszalin.pl/cgi-bin/koha/opac-detail.pl?biblionumber=25587yKatalog online BPK